| 000 | 00654nam a2200181 4500 | ||
|---|---|---|---|
| 001 | 110336 | ||
| 003 | ES-MaACL | ||
| 005 | 20230906185029.0 | ||
| 007 | t| | ||
| 008 | 061121s1965 sp r ||||1| spa d | ||
| 100 | 1 |
_aOchoa González de Echevarri, María Josefa. _986490 |
|
| 245 | 1 | 0 |
_aEstudio geográfico del Valle del Llodio / _cMaría Josefa Ochoa González de Echevarri. |
| 260 |
_aVitoria : _bMontepío Diocesano, _c1965. |
||
| 300 |
_a2v., 86 lám. ; _c25 cm + _e5 map. |
||
| 500 | _aPrecede al Tit : Diputación Foral de Alava. Consejo de Cultura. | ||
| 710 | 1 |
_aÁlava. _bConsejo de Cultura. _91309 |
|
| 852 |
_aES-MaACL _jC-27608-9 _bR.56730 |
||
| 999 |
_c110336 _d110336 |
||